000 00294nam a22001337a 4500
008 170929b xxu||||| |||| 00| 0 eng d
020 _a9780757526299
041 _aeng
080 _22ND
_a37
100 _a47
101 _aEDU
245 _aA MANNER OF SPEAKING
_cBOKENO,R.M
942 _2udc
_cBK
999 _c30710
_d30710